Bookworm short stories 12

Bibliographic Details
Format: Book
Published: Singapore : Bookworm Publishing , 1994
Series:Bookworm
Subjects:

MARC

LEADER 00000cam a2200000 7i4500
001 0000008603
002 000009378
005 .0
020 |a 9813051671 
090 0 0 |a JF   |b BOO 
245 0 0 |a Bookworm short stories 12 
260 |a Singapore :   |b Bookworm Publishing ,   |c 1994 
300 |a 76p. :   |b ill. ;   |c 21cm. 
490 0 |a Bookworm 
650 0 0 |a Children's stories 
999 |a 047021   |b BUKU   |c PINJAMAN   |e PERPUSTAKAAN KOMUNITI PETALING JAYA 
999 |a 050749   |b BUKU   |c PINJAMAN   |e PERPUSTAKAAN KOMUNITI PETALING JAYA 
999 |a 050750   |b BUKU   |c PINJAMAN   |e PERPUSTAKAAN KOMUNITI PETALING JAYA 
999 |a 050751   |b BUKU   |c PINJAMAN   |e PERPUSTAKAAN KOMUNITI PETALING JAYA